Posición relativa de los paises hispánicos en los problemas americanos (Record no. 114735)
[ view plain ]
| 000 -LEADER | |
|---|---|
| campo de control de longitud fija | 00875ntm a2200217 i 4500 |
| 001 - NÚMERO DE CONTROL | |
| campo de control | 114735 |
| 003 - IDENTIFICADOR DE NÚMERO DE CONTROL | |
| campo de control | ES-MaACL |
| 005 - FECHA Y HORA DE LA ÚLTIMA TRANSACCIÓN | |
| campo de control | 20240426063032.0 |
| 007 - CAMPO FIJO DE DESCRIPCIÓN FÍSICA--INFORMACIÓN GENERAL | |
| campo de control de longitud fija | t| |
| 008 - DATOS DE LONGITUD FIJA--INFORMACIÓN GENERAL | |
| campo de control de longitud fija | 070322s1932 sp |||| | spa d |
| 100 1# - ENTRADA PRINCIPAL--NOMBRE DE PERSONA | |
| Nombre de persona | Reyes, Rodolfo, |
| Fechas asociadas al nombre | 1878-1954 |
| 9 (RLIN) | 96574 |
| 245 10 - MENCIÓN DEL TÍTULO | |
| Título | Posición relativa de los paises hispánicos en los problemas americanos |
| Resto del título | : memoria que somete la Sección Iberoamericana al Ateneo de Madrid [ |
| Medio | Manuscrito] / |
| Mención de responsabilidad, etc. | Rodolfo Reyes Ochoa, presidente de la Sección, noviembre de 1931. |
| 260 ## - PUBLICACIÓN, DISTRIBUCIÓN, ETC. | |
| Lugar de publicación, distribución, etc. | [Madrid : |
| Nombre del editor, distribuidor, etc. | el autor, |
| Fecha de publicación, distribución, etc. | 1932] |
| 300 ## - DESCRIPCIÓN FÍSICA | |
| Extensión | [9 h.] ; |
| Dimensiones | 28 cm. |
| 500 ## - NOTA GENERAL | |
| Nota general | Texto original mecanografiado. |
| 610 24 - PUNTO DE ACCESO ADICIONAL DE MATERIA--NOMBRE DE ENTIDAD CORPORATIVA | |
| Nombre de entidad corporativa o nombre de jurisdicción como elemento de entrada | Ateneo de Madrid. |
| Unidad subordinada | Sección Iberoamericana- |
| Subdivisión de forma | Memorias. |
| 9 (RLIN) | 2013 |
| 710 2# - ENTRADA AGREGADA--NOMBRE DE ENTIDAD CORPORATIVA | |
| Nombre de entidad corporativa o nombre de jurisdicción como elemento de entrada | Ateneo de Madrid. |
| Unidad subordinada | Sección Iberoamericana. |
| 9 (RLIN) | 2012 |
| 852 ## - LOCALIZACIÓN | |
| Ubicación | ES-MaACL |
| Número de control de estantería | Armario 18 |
| Signatura antigua | Olim: 1763-F-20 |
| 942 ## - ELEMENTOS DE ENTRADA SECUNDARIOS (KOHA) | |
| Fuente del sistema de clasificación o colocación | Clasificación decimal universal |
| Estatus retirado | Estado de pérdida | Fuente del sistema de clasificación o colocación | Estado de daño | No para préstamo | Colección | Biblioteca de origen | Biblioteca actual | Ubicación en estantería | Fecha de adquisición | Total de préstamos | Signatura topográfica completa | Código de barras | Visto por última vez | Precio de reemplazo | Tipo de ítem Koha |
|---|---|---|---|---|---|---|---|---|---|---|---|---|---|---|---|
| Clasificación decimal universal | Fondo Ateneo de Madrid | Biblioteca del Ateneo de Madrid | Biblioteca del Ateneo de Madrid | Depósito | 17/01/2008 | Armario 18 | 1119647 | 23/02/2023 | 23/02/2023 | Manuscrito |
